Statistiques concernant Tous les pokémon de Pierre

Cliquez ici pour prendre le quiz!

Statistiques générales

  • Ce quiz a été pris 82 fois
  • Le résultat moyen est 7 sur 12

Statistiques - réponses

HintRéponse% Correct
Onix
100%
Rouge & Bleu
& Jaune
Racaillou
98%
Or & Argent
& Cristal
Gravalanch
83%
Heartgold
& Soulsilver
Grolem
83%
Kabutops
58%
Noir2 & Blanc2Ptéra
58%
Amonistar
56%
Rhinocorne
52%
Rhinastoc
47%
Tyranocif
39%
Charkos
33%
Relicanth
19%

Distribution des résultats

Percentile par nombre de réponses

% des personnes avec chaque résultat

Votre développement - résultats

Vous n’avez pas pris ce quiz